01046 a2200217 45000010006000000050017000060080041000230030015000640400040000790800046001192450019001650200018001842640043002023000019002455050442002641000024007067000027007307000023007577000026007807000022008065727920260407155835.0260407a1988 arg spa dAR-UNSa-BCEJYS aAR-UNSa-BCEJYSbspacAR-UNSa-BCEJYS a94(82):33xHistoria Económica Argentina10aArgentina 2000 a950-537-133-0 1aBuenos Aires :bEdiciones Macchic1988 a187 p.c22 cm. a1. Proyecciones y alternativas económicas 1987-2000 – 2.Argentina hacia el 2000 por F. Desmond – 3.Proyecciones de la economía argentina al año 2000 y políticas económicas a introducir para mejorar el nivel de bienestar – 4. Alternativas económicas innovadoras y viables en la argentina; un ensayo por Roberto T.Aleman – 5. Incertidumbres y flexibilidad en la política económica argentina por Richard D. Mallon.1 aAlemann, Roberto T.1 aGarcia, Manuel Alberto1 aMallon, Richard D.1 aDesmond Mc Carthy, F.1 aPortnoy, Leopoldo